بوطیقا : (Record no. 106347)

MARC details
000 -LEADER
fixed length control field 00932nam a22002657a 4500
005 - DATE AND TIME OF LATEST TRANSACTION
control field 20170123162306.0
010 ## - LIBRARY OF CONGRESS CONTROL NUMBER
LC control number B-050701
020 ## - INTERNATIONAL STANDARD BOOK NUMBER
Terms of availability 80.00
International Standard Book Number 8187667125
035 ## - SYSTEM CONTROL NUMBER
System control number B-050701
037 ## - SOURCE OF ACQUISITION
Source of stock number/acquisition Cen Lib/Ret
040 ## - CATALOGING SOURCE
Original cataloging agency DPL
Language of cataloging UR
082 ## - DEWEY DECIMAL CLASSIFICATION NUMBER
Classification number 841.08
Item number ا ر س
100 ## - MAIN ENTRY--PERSONAL NAME
Personal name اراستو
9 (RLIN) 41420
245 ## - TITLE STATEMENT
Title بوطیقا :
Statement of responsibility, etc اراستو ؛ ترجمہ جمیل جلیبی
246 ## - VARYING FORM OF TITLE
Title proper/short title Botiqa /
Remainder of title by Arastotle ; translated by Jameel Jalibi
260 ## - PUBLICATION, DISTRIBUTION, ETC. (IMPRINT)
Place of publication, distribution, etc دہلی
Name of publisher, distributor, etc ایجوکیشنل پبلشنگ ہاؤس
Date of publication, distribution, etc 2001
270 ## - ADDRESS
Address 3108, وکیل سٹریٹ کچہ پنڈت لال کوان
City دہلی
Postal code 110006
300 ## - PHYSICAL DESCRIPTION
Extent 80p.
Dimensions 21cm(Hb)
650 ## - SUBJECT ADDED ENTRY--TOPICAL TERM
Topical term or geographic name as entry element ادب - اردو
9 (RLIN) 110951
650 ## - SUBJECT ADDED ENTRY--TOPICAL TERM
Topical term or geographic name as entry element اردو - سوانح عمری
9 (RLIN) 110952
650 ## - SUBJECT ADDED ENTRY--TOPICAL TERM
Topical term or geographic name as entry element Literature -- urdu
9 (RLIN) 110953
650 ## - SUBJECT ADDED ENTRY--TOPICAL TERM
Topical term or geographic name as entry element Urdu -- boigraphy
9 (RLIN) 110954
700 ## - ADDED ENTRY--PERSONAL NAME
Personal name جمیل جلیبی
9 (RLIN) 828
942 ## - ADDED ENTRY ELEMENTS (KOHA)
Source of classification or shelving scheme Dewey Decimal Classification
Koha item type Urdu Bks
Classification part 841.08
Call number suffix ا ر س
Holdings
Withdrawn status Lost status Damaged status Not for loan Home library Current library Date acquired Source of acquisition Cost, normal purchase price Total Checkouts Full call number Barcode Date last seen Copy number Cost, replacement price Price effective from Koha item type
        Central Library Central Library 19/12/2015 Cen Lib/Ret 80.00   841.08 ا ر س B-050701 19/12/2015 1 80.00 19/12/2015 Urdu Bks

© Delhi Public Library
Hit Counter
free hit counter